000 00804nam a2200217Ia 4500
008 130821s1994 ck gr spa
040 _aCo-BoUCM
_bspa
041 _aspa
100 _aForero VILLEGAS, M. Yolanda
_9156364
245 _aUn eslabón perdido La novela de los años cuarenta 1941 - 1949 Primer proyecto moderno en Colombia
_cM. Yolanda Forero Villegas
260 _aBogotá (Cundinamarca, Colombia)
_bKelly
_c1994
300 _a129 páginas
504 _aIncluye índice y bibliografía
650 0 4 _aHistoria y crítica
_97696
650 0 4 _aLiteratura colombiana
_918629
650 0 4 _aNovela colombiana
_920483
650 0 4 _aNovela
_97878
650 0 4 _aNovela
_xHistoria y crítica
_97878
942 _cLIBRO
_a18
_e1
_kC
_mF67
_2DEWEY
_h863.44
999 _c19575
_d19575